Langues proposées sur Duolingo - Statistiques

Statistiques générales
  • Ce quiz a été pris 122 fois
    110 depuis la dernière actualisation
  • Le résultat moyen est 91 sur 117
Statistiques - réponses
langue d'origine nombre d'apprenants langues % Correct
1,28 million Espagnol
99%
English 28,4 millions Espagnol
99%
1,85 million Espagnol
99%
400 milles Espagnol
99%
2,89 millions Espagnol
99%
600 milles Espagnol
99%
"éclosion en cours" 42 milles en attente Espagnol
99%
_____BÊTA_____ 389 milles Espagnol
99%
Bahasa Indonesia 2,76 million Anglais
98%
Čeština 924 milles Anglais
98%
Deutsch 3,06 millions Anglais
98%
Español 33,3 millions Anglais
98%
Français 6,04 millions Anglais
98%
Italiano 1,84 millions Anglais
98%
Magyar 676 milles Anglais
98%
Nederlands 1,07 million Anglais
98%
Polski 1,97 million Anglais
98%
Português 12,1 millions Anglais
98%
Română 831 milles Anglais
98%
Tagalog _____BÊTA_____ 39,1 milles Anglais
98%
Tiếng Việt 8,66 millions Anglais
98%
Türkçe 4,43 millions Anglais
98%
Ελληνικα 233 milles Anglais
98%
Pусский 7,26 millions Anglais
98%
Українська 735 milles Anglais
98%
العربية 8,85 millions Anglais
98%
हिंदी 1,22 million Anglais
98%
বাংলা "éclosion en cours" 10,8 milles en attente Anglais
98%
ਪੰਜਾਬੀ "éclosion en cours" 4 milles en attente Anglais
98%
தமிழ் "éclosion en cours" 8,5 milles en attente Anglais
98%
తెలుగు "éclosion en cours" 7 milles en attente Anglais
98%
ภาษาไทย 9,94 millions Anglais
98%
한국어 775 milles Anglais
98%
中文 5,55 millions Anglais
98%
日本語 2,31 million Anglais
98%
1 million Français
98%
17,4 millions Français
98%
4,22 millions Français
98%
380 milles Français
98%
383 milles Français
98%
1,46 million Français
98%
"éclosion en cours" 64 milles en attente Français
98%
679 milles Français
98%
1,77 million Français
98%
689 milles Français
98%
137 milles Français
98%
5,75 millions Chinois (Mandarin)
96%
1,71 milles Chinois (Mandarin)
96%
"éclosion en cours" 6 milles en attente Chinois (Mandarin)
96%
2,65 millions Portugais
96%
2,38 millions Portugais
96%
324 milles Portugais
96%
9,72 millions Allemand
91%
1,51 million Allemand
91%
729 milles Allemand
91%
287 milles Allemand
91%
_____BÊTA_____ 154 milles Allemand
91%
241 milles Allemand
91%
612 milles Allemand
91%
802 milles Allemand
91%
1,8 million Allemand
91%
784 milles Allemand
91%
"éclosion en cours" 8 milles en attente Allemand
91%
3,66 millions Arabe
91%
4,91 millions Russe
90%
874 milles Russe
90%
385 milles Russe
90%
12,4 millions Japonais
89%
2,62 millions Japonais
89%
_____BÊTA_____ 52,3 milles Italien
88%
6,63 millions Italien
88%
3,10 millions Italien
88%
825 milles Italien
88%
903 milles Italien
88%
_____BÊTA_____ 238 milles Italien
88%
"éclosion en cours" 15 milles en attente Chinois (Cantonais)
79%
1,24 million Grec
78%
6,63 millions Coréen
76%
_____BÊTA_____ 1,38 millions Coréen
76%
1,12 million Coréen
76%
1,33 million Suédois
69%
192 milles Suédois
69%
"éclosion en cours" 40 milles en attente Suédois
69%
237 milles Suédois
69%
1,64 million Néerlandais
68%
1,04 million Norvégien
66%
1,19 million Polonais
65%
842 milles Ukrainien
65%
"éclosion en cours" 15 milles en attente Ukrainien
65%
551 milles Roumain
64%
2,89 millions Turc
63%
_____BÊTA_____ 363 milles Hongrois
58%
580 milles Danois
55%
571 milles Finnois
55%
704 milles Indonésien
54%
491 milles Tchèque
54%
5,90 millions Hindi
53%
1,42 million Latin
51%
1,41 milles Vietnamien
49%
917 milles Hébreu
44%
1,23 million Irlandais
40%
298 milles Espéranto
37%
185 milles Espéranto
37%
_____BÊTA_____ 105 milles Espéranto
37%
_____BÊTA_____ 163 milles Espéranto
37%
557 milles Catalan
34%
400 milles Swahili
33%
500 milles Gallois
15%
591 milles Hawaïen
15%
_____BÊTA_____ 229 milles Navajo
15%
_____BÊTA_____ 500 milles Yiddish
15%
_____BÊTA_____ 196 milles Créole haïtien
14%
_____BÊTA_____ 306 milles Klingon
13%
522 milles Haut valyrien
10%
234 milles Guarani
9%
433 milles Gaélique écossais
7%
351 milles Chinois (Mandarin)
0%
Aucun quiz correspondant
Distribution des résultats
% des personnes avec chaque résultat
Percentile par nombre de réponses
Votre historique - résultats
Vous n’avez pas pris ce quiz depuis la dernière actualisation